000 00352nam a2200133Ia 4500
008 100328s9999 xx 000 0 und d
082 _b46206
100 _aसाठे अण्णा भाऊ
245 _aलाडी
260 _bभगवानदास हिरजी
630 _aलाडी
730 _aलाडी
942 _cBOOK
999 _c534219
_d534216